[Event "Groningen Festival 2018"]
[Site "Groningen"]
[Date "2018.12.22"]
[Round "1"]
[White "Krasenkova, Ilena"]
[Black "Schoppen, Casper"]
[Result "0-1"]
[WhiteElo "2144"]
[BlackElo "2431"]
[Annotator "TA"]
[PlyCount "111"]
[EventDate "2018.12.22"]
[EventType "swiss"]
[EventCountry "NED"]
[SourceTitle "playchess.com"]
[Source "ChessBase"]
[SourceQuality "1"]

{[%evp 27,111,35,35,35,39,31,45,29,31,19,26,20,26,20,51,0,0,0,0,0,0,0,0,-10,-5,-4,0,0,18,13,21,9,10,0,16,-55,-62,-43,-42,-97,-97,-98,-108,-116,-109,-148,-149,-123,-147,-122,-134,-127,-143,-125,-121,-308,-288,-420,-414,-379,-379,-491,-488,-567,-523,-1845,-1747,-3575,-2287,-2349,-2385,-2472,-3019,-6518,-8322,-5605,-2876,-29976,-29977,-29975,-29974,-29987,-29988,-29988,-29989,-29989]} 1. d4 Nf6 2. c4 e6 3. g3 d5 4. Nf3 Be7 5. Bg2 O-O 6. O-O c6 7. Qc2 Nbd7 8. Nbd2 b6 9. e4 Bb7 10. e5 Ne8 11. cxd5 cxd5 12. Re1 {E09: Closed Catalan: Main Line: 7 Qc2 c6 8 Nbd2} Qc7 (12... Rc8 13. Qd1 Qc7 14. Nb1 b5 15. Bf1 b4 16. Bd3 h6 17. Bf4 Qb6 18. Nbd2 Ba6 19. Bc2 f5 20. exf6 Rxf6 {1-0 (32) Gelfand,B (2729)-Stupak,K (2573) Tbilisi 2017}) 13. Qa4 Qc6 14. Qxc6 Bxc6 {LiveBook: 3 Games} 15. Nf1 {[#]} Rc8 $146 ({Predecessor:} 15... Bb5 16. Bg5 Bxg5 17. Nxg5 h6 18. Nh3 Nc7 19. Ne3 Rac8 {0-1 (61) Szotkowski,J (2377)-Polak,T (2516) Czech Republic 2017}) 16. Bd2 Nc7 {[%cal Be8c7,Bc7a6,Ba6b4][%mdl 32]} 17. Rec1 Bb5 18. Ne3 Be2 19. a4 Na6 20. Ne1 Nb4 21. f4 (21. Bh3 $14) 21... Nc6 $11 22. Bc3 Na5 23. Kf2 Ba6 24. Bxa5 bxa5 25. f5 Nb6 26. b3 f6 27. Nf3 fxe5 28. Nxe5 Bf6 29. Rxc8 Bxc8 30. Rd1 g6 31. g4 (31. N3g4 $11) 31... exf5 $15 32. gxf5 Bxf5 {...Bxe5 is the strong threat.} 33. Kg3 (33. Ke2 $15) 33... Be6 $17 34. h4 Rc8 {Strongly threatening ...Rc3.} 35. Rd3 Kg7 36. Bh3 Bxh3 37. Kxh3 Bxe5 38. dxe5 {[%mdl 4096] Endgame [#] KRN-KRN} d4 $1 {[%mdl 512]} 39. Nd1 (39. Rxd4 Rc3) 39... Rd8 40. Kg3 Kf7 41. Kf3 $2 {[#]} (41. Kf4 $17) 41... Nd7 $1 $19 {[%cal Rd7e5]} 42. Kf4 (42. Rxd4 {was necessary.} Nxe5+ {[%mdl 64] Discovered Attack} 43. Ke4 Rxd4+ 44. Kxd4 Nf3+ 45. Ke4 Nd2+ 46. Ke5) 42... Nc5 43. Rf3 Ke6 44. Kg5 Kxe5 45. Rf7 Rd7 46. Rxd7 Nxd7 {KN-KN} 47. Nb2 Ke4 48. Kh6 d3 {[%cal Bd4d3,Bd3d2][%mdl 32]} 49. Kxh7 Ne5 50. Kg7 d2 51. Kf6 Nf3 52. Kxg6 Nxh4+ {Black mates.} 53. Kf6 Nf5 54. Ke6 Ne3 55. Kd6 Kd4 56. Kc6 {Accuracy: White = 30%, Black = 82%.} 0-1

[Event "Groningen Festival 2018"]
[Site "Groningen"]
[Date "2018.12.23"]
[Round "2"]
[White "Ernst, Sipke"]
[Black "Maris, Ivo"]
[Result "1-0"]
[WhiteElo "2539"]
[BlackElo "2351"]
[Annotator "TA"]
[PlyCount "89"]
[EventDate "2018.12.22"]
[EventType "swiss"]
[EventCountry "NED"]
[SourceTitle "playchess.com"]
[Source "ChessBase"]
[SourceQuality "1"]

{[%evp 23,89,7,11,0,17,0,16,4,16,-12,-7,-35,0,0,0,0,45,22,91,93,87,79,70,83,83,17,91,91,84,84,77,16,22,0,10,6,9,0,0,0,12,0,4,6,84,82,67,75,97,114,98,105,110,96,141,146,253,258,252,240,258,247,345,327,381,376,29975,29976]} 1. e4 c6 2. d4 d5 3. Nd2 dxe4 4. Nxe4 Nf6 5. Nxf6+ exf6 6. c3 Bd6 7. Bd3 O-O 8. Qc2 h6 9. Ne2 Qc7 10. Ng3 {B15: Caro-Kann: 3 Nc3: 3...g6 and 3...dxe4 4 Nxe4 Nf6 5 Nxf6+ exf6} (10. Bd2 Be6 11. Ng3 Nd7 12. O-O Rfe8 13. f4 b5 14. b3 Nf8 15. c4 bxc4 16. bxc4 Rad8 17. c5 Be7 {½-½ (40) Asis Gargatagli,H (2538)-Iturrizaga Bonelli,E (2652) Maia 2018}) 10... Re8+ 11. Be3 Nd7 {[%cal Bb8d7,Bd7f8,Bf8g6,Bg6e7,Be7d5,Bd5f4][%mdl 32]} 12. O-O Nf8 {LiveBook: 6 Games} 13. Qd2 Ng6 {[#]} 14. Rae1 $146 ({Predecessor:} 14. f4 c5 15. Bxg6 fxg6 16. dxc5 Bf8 17. b4 b6 {1-0 (33) Teterev,V (2507)-Lomako,P (2413) Minsk 2008}) 14... Bd7 15. c4 Rad8 16. c5 Bf8 17. f4 Ne7 (17... f5 $5) 18. f5 Nd5 19. Bf2 {[%cal Be3f2,Bf2g3,Bg3d6][%mdl 32]} Nf4 20. Bc2 Bc8 (20... Nd5 $11) 21. Ne4 $36 {[%mdl 2048] [#] Bg3 is the strong threat. White is in control.} Nd5 22. Bg3 Qd7 23. Bd6 b6 24. Rf3 (24. Bxf8 $16 Rxf8 25. Rf3) 24... Rxe4 (24... a5 $11) 25. Rxe4 {Threatens to win with Rg3.} Bxd6 26. cxd6 Qxd6 27. Rg4 (27. Qe2 $16) 27... g5 $11 28. h4 Kf8 29. a3 Nf4 30. Rgxf4 gxf4 31. Rxf4 {Black should prevent Rg4.} Kg7 32. Qe3 c5 {[%cal Rc5d4]} 33. dxc5 Qxc5 (33... bxc5 $11 {remains equal.} 34. Rc4 Ba6) 34. Qxc5 bxc5 {[%mdl 4096] Endgame KRB-KRB} 35. Rc4 Bb7 36. Rxc5 Rd2 37. Rc7 Bd5 38. g3 a6 39. Kf1 h5 (39... a5 $16 {is a better defense.} 40. Rc5 Kf8) 40. b4 $18 Kf8 41. Rc5 Ke7 42. Ke1 Rd4 43. Bd1 Kd6 44. Be2 Ke5 $2 {[#]} (44... Be4 $18 45. Ra5 (45. Bxh5 Rd3 $18) 45... Bd3) 45. Bf3 {Accuracy: White = 58%, Black = 50%.} 1-0

[Event "Groningen Festival 2018"]
[Site "Groningen"]
[Date "2018.12.23"]
[Round "2"]
[White "Gleizerov, Evgeny"]
[Black "De Boer, Eelke"]
[Result "1/2-1/2"]
[WhiteElo "2504"]
[BlackElo "2327"]
[Annotator "TA"]
[PlyCount "71"]
[EventDate "2018.12.22"]
[EventType "swiss"]
[EventCountry "NED"]
[SourceTitle "playchess.com"]
[Source "ChessBase"]
[SourceQuality "1"]

{[%evp 18,71,3,8,20,16,30,31,57,20,23,-25,-25,-21,-25,-28,-18,-25,-34,-18,-22,-25,0,0,0,0,0,0,0,0,0,0,0,0,0,0,0,0,4,4,6,0,0,0,52,18,45,14,22,0,0,0,0,0,0,0]} 1. d4 Nf6 2. Nf3 e6 3. c4 d5 4. g3 Be7 5. Bg2 O-O 6. Qb3 {E06: Closed Catalan: Early deviations} c5 7. cxd5 Qxd5 8. Nc3 Qxb3 9. axb3 Nc6 {[%cal Bb8c6,Bc6d4,Bd4b3][%mdl 32]} 10. dxc5 {LiveBook: 3 Games} Bxc5 11. O-O Bb4 $146 ({Predecessor:} 11... e5 12. Bg5 Be6 13. Nd2 Rfd8 {½-½ (35) Caruana,F (2816)-Nakamura,H (2769) Leuven 2018}) 12. Bf4 Re8 13. Ne5 Nd4 14. Kh1 Nxb3 15. Rab1 Bd6 16. Rbd1 Bb8 {Hoping for ...g5!} 17. Nc4 Bxf4 18. gxf4 Rb8 19. Ne5 a6 20. Rd6 b5 21. Rfd1 Bb7 22. Bxb7 Rxb7 23. Rxa6 b4 24. Na4 Rc7 25. Rc6 Rxc6 26. Nxc6 Nd5 27. f5 Ra8 28. e4 Rxa4 29. exd5 exd5 30. Rxd5 $11 {[%cal Rd5d8][%mdl 4096] [#] Endgame KRN-KRN} h6 (30... g5 $11) 31. Rd8+ Kh7 32. Rd7 f6 {The position is equal.} 33. Ne7 Ra5 34. Rb7 Nd4 35. Rxb4 Nxf5 36. Nxf5 {Accuracy: White = 60%, Black = 67%.} 1/2-1/2

[Event "Groningen Festival 2018"]
[Site "Groningen"]
[Date "2018.12.23"]
[Round "2"]
[White "Ulybin, Mikhail"]
[Black "Ashwath, R.."]
[Result "1/2-1/2"]
[WhiteElo "2482"]
[BlackElo "2314"]
[Annotator "TA"]
[PlyCount "108"]
[EventDate "2018.12.22"]
[EventType "swiss"]
[EventCountry "NED"]
[SourceTitle "playchess.com"]
[Source "ChessBase"]
[SourceQuality "1"]

{[%evp 15,108,-5,0,-14,-8,-19,-12,-20,-10,-18,-13,0,-14,-56,-51,-56,-28,-94,-87,-125,-110,-117,-85,-152,-162,-212,-231,-216,-202,-193,-160,-178,-172,-162,-133,-170,-58,-191,-53,-125,-54,-51,-35,-63,-79,-77,-68,-104,-81,-97,-59,-70,-41,-123,-124,-306,-322,-452,-451,-424,-377,-354,-180,-366,-364,-405,-402,-330,-165,-165,-214,-165,-165,-190,-155,-155,-247,-185,-84,-84,-84,-84,-84,-84,-84,-84,-84,-84,-84,-84,0,-84,0,-113,0]} 1. e4 e5 2. Nf3 Nc6 3. Bb5 Nf6 4. d3 Bc5 5. Nc3 O-O 6. Bxc6 {C48: Four Knights: 4 Bb5, replies other than 4...Bb4} dxc6 7. h3 Re8 8. Ne2 Nd7 {LiveBook: 4 Games} 9. Bd2 $146 ({Predecessor:} 9. Be3 Bb4+ 10. c3 Bf8 11. Qc2 c5 12. O-O-O Nb8 13. Ng3 Nc6 {0-1 (46) Caruana,F (2799)-Grischuk,A (2782) Saint Louis 2017}) 9... Nf8 10. Bc3 f6 11. Qd2 Be6 12. Nh4 Ng6 13. Nxg6 hxg6 14. f4 exf4 $1 15. Qxf4 a5 16. g4 (16. a4 $11 {remains equal.}) 16... b5 $17 {[%cal Bb7b5,Bb5b4][%mdl 32]} 17. Rf1 Qe7 18. Qf3 Bd6 19. Nf4 (19. a4 $142) 19... Bf7 20. Rf2 b4 21. Bd2 Be5 22. c3 bxc3 23. Bxc3 Bxc3+ 24. bxc3 Qa3 25. Rc2 Re7 ({Black should try} 25... Rab8 $1 $19 26. Kf2 Rb2) 26. Rb1 (26. Kf1 $15) 26... Rae8 ({Worse is} 26... g5 27. Ne2 $11) (26... f5 $1 $19 {[%cal Rf5e4] ...fxe4 is the strong threat.} 27. Nxg6 {[%mdl 64] Remove Defender} (27. gxf5 $2 gxf5 28. Kf2 fxe4 $19) 27... Bxg6 28. gxf5 Be8) 27. Ne2 (27. Kf2 $1 $15) 27... c5 (27... Re5 $17 28. Rb7 Bxa2 29. Rxc7 Bb3) 28. c4 $15 {Black must now prevent Nc3.} Qa4 $1 {[%cal Ra4c2]} ({And not} 28... Rxe4 29. Rb3 $16) 29. Rb3 Qd7 30. Ng3 a4 $36 {[%mdl 2048] Black has good play.} 31. Rb5 Qd4 32. Ke2 Re5 33. Qe3 Qd6 $1 {Hoping for ...f5!} 34. Qf3 (34. Rcb2 $1 $15) 34... Rd8 $17 35. Qe3 $2 {[#]} (35. Rbb2 $17 {is a better defense.}) 35... f5 $1 $19 {[%cal Rf5e4]} 36. gxf5 (36. Rd2 {keeps fighting.} Rf8 37. Ra5 (37. gxf5 $2 gxf5 38. Kd1 f4 $19)) 36... gxf5 37. Rd2 fxe4 38. Nxe4 Bh5+ (38... Qe7 $142 {Threatens to win with ...Rxe4!} 39. Rbb2 {[#]} Bxc4 $1 {[%mdl 512]} 40. dxc4 Re8) 39. Ke1 $2 (39. Kf1 {was the only defense.}) 39... Qe7 40. Rg2 Qh4+ 41. Kf1 {[#]} Bf3 $1 {[%mdl 512]} 42. Qxf3 Rf8 43. Qxf8+ Kxf8 44. Rf2+ Kg8 45. Rb8+ Kh7 46. Kg2 Rxe4 (46... Qh6 $19 {and Black stays clearly on top. And now ...Qe3 would win.} 47. Rbf8 Re6) 47. dxe4 $17 Qxe4+ $19 {[%mdl 4160] Endgame Double Attack. KQ-KRR} 48. Kh2 Qxc4 49. Rbb2 Qd4 50. Rbc2 Qe5+ 51. Kg1 Qe1+ 52. Kh2 Qe5+ 53. Kg1 $1 Qe1+ 54. Kh2 Qe5+ {Accuracy: White = 37%, Black = 42%.} (54... Qe3 $17 55. Rg2 Qe5+ 56. Kh1 Qd5) 1/2-1/2

[Event "Groningen Festival 2018"]
[Site "Groningen"]
[Date "2018.12.23"]
[Round "2"]
[White "Ulybin, Mikhail"]
[Black "Ashwath, R.."]
[Result "*"]
[WhiteElo "2482"]
[BlackElo "2314"]
[Annotator "TA"]
[PlyCount "32"]
[EventDate "2018.12.22"]
[EventType "swiss"]
[EventCountry "NED"]
[SourceTitle "playchess.com"]
[Source "ChessBase"]
[SourceQuality "1"]

{[%evp 3,3,-15]} 1. e4 e5 2. d4 {Predecessor:} exd4 $146 3. Qxd4 Nc6 4. Qe3 Nf6 5. Bd2 Be7 6. Nc3 d5 7. Nxd5 Nxd5 8. exd5 Qxd5 9. Ne2 O-O 10. Nf4 Qc5 11. O-O-O Bf5 12. Qxc5 Bxc5 13. Bd3 Bxd3 14. Nxd3 Bb6 15. Rhe1 Rfe8 16. c3 Kf8 {½-½ (60) Artemiev,V (2704)-Fedoseev,V (2706) Poikovsky 2018} *

[Event "Groningen Festival 2018"]
[Site "Groningen"]
[Date "2018.12.23"]
[Round "2"]
[White "Vrolijk, Liam"]
[Black "Pel, Bonno"]
[Result "1-0"]
[WhiteElo "2440"]
[BlackElo "2279"]
[Annotator "TA"]
[PlyCount "83"]
[EventDate "2018.12.22"]
[EventType "swiss"]
[EventCountry "NED"]
[SourceTitle "playchess.com"]
[Source "ChessBase"]
[SourceQuality "1"]

{[%evp 10,83,18,39,50,45,41,47,41,41,46,37,33,27,27,26,33,34,43,22,21,10,25,12,12,12,9,7,9,4,25,10,20,0,45,27,42,20,29,28,39,29,27,-25,23,0,0,0,85,2,0,0,35,49,57,0,116,84,125,130,127,79,131,135,156,56,118,96,173,172,225,209,2615,2533,5189,2731]} 1. Nf3 d6 2. d4 g6 3. g3 Bg7 4. Bg2 Nf6 5. b3 (5. c4 O-O 6. Nc3 Nbd7 7. O-O e5 8. e4 c6 9. h3 Qb6 10. Re1 exd4 11. Nxd4 Re8 12. Nc2 Ne5 13. b3 Be6 14. Ne3 Nfd7 15. Bb2 Nc5 16. Bf1 Bxh3 17. Bxh3 Ned3 18. Qc2 Nxb2 19. Bf1 Re6 20. Rab1 {0-1 (66) Van Wely,L (2642)-Adhiban,B (2668) Batumi 2018}) 5... c5 6. c4 {LiveBook: 8 Games. A41: 1 d4 d6: Tartakower System and Modern Defence} Qa5+ $146 ({Predecessor:} 6... Nc6 7. Bb2 Qa5+ 8. Bc3 Qc7 9. Nbd2 cxd4 10. Nxd4 Nxd4 11. Bxd4 O-O 12. O-O Bd7 13. Rc1 Bc6 14. e4 Nd7 15. Be3 Qa5 16. Qc2 Rfc8 17. Nf3 Nc5 18. Nd4 Bd7 19. Qe2 a6 20. Rc2 b5 {1-0 (46) Lai,H (2459)-Pel,B (2281) Bruges 2018}) 7. Bd2 Qc7 8. Nc3 {White is slightly better.} cxd4 9. Nxd4 Nc6 10. e3 Bg4 11. Qc2 (11. Nd5 {keeps more tension.} Qc8 12. f3 Bd7 13. Bc3 Nxd5 14. cxd5 Nxd4 15. Bxd4 O-O 16. O-O) 11... Nxd4 12. exd4 Bf5 13. Qb2 Qd7 14. h3 h5 15. Be3 Rb8 16. Rd1 a6 17. a4 O-O 18. Qe2 Rfe8 19. Kf1 {[%cal Be1f1,Bf1g1,Bg1h2][%mdl 32]} e6 20. Kg1 Rbc8 21. Kh2 d5 22. c5 b6 23. Qxa6 bxc5 24. dxc5 Bc2 25. Rc1 Bxb3 26. Nb5 (26. Qb5 $142 Rb8 27. Qxd7 Nxd7 28. c6) 26... Bc4 (26... Ra8 $5 {[%cal Ra8a6]} 27. Qd6 Qxd6 28. Nxd6 Red8 $11) 27. Rxc4 dxc4 28. Nd6 c3 (28... Nd5 $1 $11 29. Nxe8 Rxe8) 29. Nxe8 (29. Nxc8 $16 Rxc8 30. Bb7) 29... Qxe8 $11 30. Bb7 Rd8 31. c6 Nd5 32. Bb6 $36 {[%mdl 2048] White has good play.} Be5 (32... Nxb6 $11 33. Qxb6 Rd2) 33. Re1 (33. Bxd8 Qxd8 34. Re1 Qg5 $14) 33... Bc7 34. Bxc7 Nxc7 {[#]} 35. Qa5 $1 {[%csl LRc3,LRc7][%cal Ra5c7]} Qe7 (35... c2 $142 36. Rc1 (36. Qxc7 Rd1 $16) 36... Rd1 37. Rxc2 Qd8) 36. Qxc3 $16 h4 37. Re2 (37. a5 $16) 37... hxg3+ (37... Rd5 $14) 38. fxg3 {Black must now prevent a5.} ({Of course not} 38. Qxg3 $6 Rd1 $14) 38... Qg5 (38... Rd1 $16) 39. a5 $18 Qb5 (39... Rd1 {keeps fighting.}) 40. Rd2 Nd5 $2 {[#]} (40... Rxd2+ 41. Qxd2 Qc5) 41. c7 Re8 42. Bxd5 {Precision: White = 51%, Black = 43%.} 1-0

[Event "Groningen Festival 2018"]
[Site "Groningen"]
[Date "2018.12.23"]
[Round "2"]
[White "Schoppen, Casper"]
[Black "Hovsepyan, Vardan"]
[Result "1/2-1/2"]
[WhiteElo "2431"]
[BlackElo "2264"]
[Annotator "TA"]
[PlyCount "82"]
[EventDate "2018.12.22"]
[EventType "swiss"]
[EventCountry "NED"]
[SourceTitle "playchess.com"]
[Source "ChessBase"]
[SourceQuality "1"]

{[%evp 11,82,-20,-15,-69,-18,-77,-76,-67,-20,-43,-7,-70,-70,-69,-29,-47,-50,-118,-109,-115,-104,-109,-64,-74,-52,-81,-64,-169,-146,-177,-170,-161,-146,-315,-332,-333,-330,-332,-308,-248,0,0,0,0,0,-162,-134,-125,0,-81,0,0,0,-18,282,25,520,-82,-74,-63,-73,-69,-68,-111,-102,-107,-108,-5189,0,-1,0,-1349,0]} 1. e4 e6 2. b3 d5 3. Bb2 c5 4. Nf3 (4. exd5 exd5 5. Bb5+ Bd7 6. Qe2+ Qe7 7. Nc3 Qxe2+ 8. Bxe2 d4 9. Nb5 Kd8 10. c3 a6 11. Na3 dxc3 12. dxc3 Nc6 {1-0 (33) Aronian,L (2752)-Van Wely,L (2647) Monte Carlo 2006}) 4... dxe4 5. Ne5 Nd7 6. Bb5 {B20: Sicilian: Unusual White 2nd moves} Ngf6 {LiveBook: 3 Games} 7. Na3 (7. Qe2 $11) 7... Qc7 $146 (7... Be7 $15) ({Predecessor:} 7... Be7 8. Qe2 O-O 9. Bxd7 Bxd7 10. g4 Bc8 {0-1 (45) Moeller,P-Kuspiel,M Mecklenburg VP 1999}) 8. O-O (8. Nac4 $11 {remains equal.}) 8... a6 $17 9. Bxd7+ Bxd7 10. Qe2 Bc6 11. Nac4 ({White should try} 11. Nxc6 $11 Qxc6 12. Nc4) 11... Bd5 $1 $15 12. a4 b6 13. Qe3 Rc8 14. Rae1 (14. Qg5 $15) 14... b5 $17 15. axb5 axb5 16. Na3 Rb8 17. Qg5 h6 {[%cal Bh7h6,Bh6h5,Bh5h4][%mdl 32]} 18. Qg3 $1 h5 19. d3 (19. h4 $1 $15) 19... h4 20. Qh3 exd3 21. Nxd3 c4 {[%cal Bc5c4,Bc4c3][%mdl 32]} 22. Ne5 $2 {[#]} (22. Be5 $17 Bd6 23. Bxd6 Qxd6 24. bxc4 bxc4 25. Ne5) 22... c3 $1 $19 {[%mdl 512]} 23. Bc1 (23. Bxc3 Bxa3) 23... Bd6 24. Nd3 Ne4 25. Re2 Bxa3 $2 (25... Kf8 $19 {And now ...Rh5 would win.} 26. Rfe1 Nf6) 26. Bxa3 $11 Ng5 27. Qe3 (27. Qf5 h3 $15) 27... h3 28. f3 $2 (28. Qxg5 $11 hxg2 29. Nf4 gxf1=N 30. Kxf1 Bxb3 31. cxb3) 28... hxg2 $19 29. Rxg2 Nh3+ 30. Kh1 Rh7 ({Black should play} 30... f6 $1 $17) 31. Bc5 $11 g5 32. Nb4 Nf4 $2 {[%mdl 8192]} (32... Bb7 $11 {and Black has nothing to worry.}) 33. Rxg5 $2 (33. Na6 $1 $18 {[%cal Ra6c7]} Qb7 34. Rxg5 (34. Nxb8 f6 $16)) 33... f6 $2 {[%mdl 8192] [#]} (33... Kd7 $1 $11) 34. Na6 $2 {[#]} ({White has to play} 34. Rg8+ $1 $18 Kd7 35. Na6 {[%mdl 64] Double Attack} Rxg8 36. Nxc7) 34... Rxh2+ $1 $17 {[%mdl 512]} 35. Kxh2 Qh7+ {[%mdl 64] Double Attack} 36. Kg1 fxg5 $40 {[%mdl 128] Black has some attack.} 37. Nxb8 {Strongly threatening Bd6.} Qxc2 {[%csl Gf4][%cal Rc2g2]} 38. Rf2 {[#]} Qb1+ $1 {[%mdl 1024] Black has strong compensation.} ({Reject} 38... Nh3+ $6 39. Kg2 $11) 39. Rf1 $2 {[%mdl 8192]} (39. Kh2 $17 Qh7+ 40. Kg1 Nh3+ {[%mdl 64] Double Attack} 41. Kg2 Nxf2 42. Qxc3) 39... Qc2 $2 ({Better is} 39... Qb2 $19 {[%csl Gf4][%cal Rb2g2]} 40. Qxf4 gxf4) 40. Rf2 $11 Qb1+ $2 {[%mdl 8192]} (40... Nh3+ $11 41. Kg2 Nxf2 42. Qxf2 Qf5) 41. Rf1 $19 Qc2 $2 {Accuracy: White = 24%, Black = 47%.} (41... Qb2 $19 {[%csl Gf4][%cal Rb2g2]} 42. Rf2 c2) 1/2-1/2

[Event "Groningen Festival 2018"]
[Site "Groningen"]
[Date "2018.12.23"]
[Round "2"]
[White "Schoppen, Casper"]
[Black "Hovsepyan, Vardan"]
[Result "1-0"]
[WhiteElo "2431"]
[BlackElo "2264"]
[Annotator "TA"]
[PlyCount "43"]
[EventDate "2018.12.22"]
[EventType "swiss"]
[EventCountry "NED"]
[SourceTitle "playchess.com"]
[Source "ChessBase"]
[SourceQuality "1"]

{[%evp 24,43,24,23,29,21,37,58,43,54,100,117,95,88,160,148,212,135,471,414,1344,1256]} 1. e4 e6 2. d4 d5 3. Nc3 Nf6 4. e5 Nfd7 5. f4 c5 6. Nf3 Nc6 7. Be3 a6 8. Qd2 b5 9. dxc5 Bxc5 10. Bd3 {C11: French: Classical System: 4 e5 and 4 Bg5 dxe4} (10. Ne2 O-O 11. Ned4 Qb6 12. c3 b4 13. Bd3 a5 14. O-O Ba6 15. Kh1 Bxd3 16. Qxd3 Qa6 17. Qc2 bxc3 18. bxc3 {½-½ (31) Dominguez Perez,L (2739)-So,W (2788) Saint Louis 2017}) 10... Bb7 11. Bxc5 Nxc5 12. Qf2 Qe7 13. O-O {LiveBook: 5 Games} Nb4 14. Rad1 Nbxd3 $146 ({Predecessor:} 14... g6 15. a3 Nbxd3 16. cxd3 Rc8 17. Nd4 O-O 18. Qe3 Na4 19. Nxa4 bxa4 {1-0 (42) Ulanowski,K (2118)-Buraczewski,R (1825) Szczyrk 2013}) 15. cxd3 b4 16. Ne2 Rc8 17. Ned4 g6 18. Qe3 Qc7 (18... Bc6 $142) 19. Rc1 $16 {[%cal Bd1c1,Bc1c2,Bc2c8][%mdl 32] Hoping for f5.} Qa5 (19... Qb6 $16) 20. Rc2 {And now Rfc1 would win.} Ke7 $2 {[%mdl 8192] [#]} (20... Qb6 $16) 21. Rfc1 Nd7 (21... Kd7 $142 22. Ng5 Na4) 22. Rxc8 1-0

[Event "Groningen Festival 2018"]
[Site "Groningen"]
[Date "2018.12.23"]
[Round "2"]
[White "Kollen, Zyon"]
[Black "Plat, Vojtech"]
[Result "1-0"]
[WhiteElo "2363"]
[BlackElo "2550"]
[Annotator "TA"]
[PlyCount "101"]
[EventDate "2018.12.22"]
[EventType "swiss"]
[EventCountry "NED"]
[SourceTitle "playchess.com"]
[Source "ChessBase"]
[SourceQuality "1"]

{[%evp 19,101,24,22,18,8,0,0,0,0,0,0,-26,-30,-27,-16,-27,-27,-33,-16,-37,-10,-10,0,-16,-8,-25,-18,-23,-25,-33,-15,-20,-10,-17,-13,-22,-22,-21,-14,-25,0,-8,0,0,0,0,0,-2,0,0,21,31,27,8,219,229,318,317,310,313,306,303,393,393,368,361,391,390,477,477,711,710,702,700,688,683,1186,1010,5708,5085,4133,1437,871,783]} 1. Nc3 d6 2. d4 Nf6 3. e4 e5 4. dxe5 dxe5 5. Qxd8+ Kxd8 6. Nf3 Bd6 7. Bc4 Be6 8. Bxe6 fxe6 9. Bg5 Nbd7 10. O-O-O Ke7 11. Nd2 {B07: Pirc Defence: Miscellaneous Systems} (11. a3) 11... h6 12. Bh4 g5 13. Bg3 {The position is equal.} Nh5 $146 ({Predecessor:} 13... Bb4 14. Ncb1 Nh5 15. c3 Bc5 16. f3 Nf4 17. Bxf4 exf4 18. Nc4 b5 {1-0 (40) Fajardo Freire,J (1813)-Rodrigues,R (1976) Florianopolis 2016}) 14. f3 Nf4 15. Bxf4 exf4 16. Nc4 Ne5 17. Nxd6 cxd6 18. b3 a6 19. a4 Rac8 20. Ne2 Rc5 21. Kb2 Rhc8 22. Rd2 b5 23. Ra1 Rb8 {...bxa4 is the strong threat.} 24. Rd4 a5 25. axb5 Rbxb5 26. Raa4 Rb8 27. h3 d5 28. exd5 exd5 29. Kc1 Kf6 30. Kd2 Rbc8 (30... Nc6 $5 31. Rd3 $8 Re8 $11) 31. c3 Re8 32. c4 dxc4 33. bxc4 Kf7 34. Nc3 {aiming for Ne4.} Rb8 {Threatens to win with ...Rb2+.} 35. Ne4 Rc7 36. Rxa5 Re7 $2 {[#]} ({Not} 36... Nxc4+ $2 37. Rxc4 $1 {[%mdl 512]} Rxc4 38. Nd6+ Kf6 39. Nxc4 $18) (36... Rd8 $1 $11 {and Black is okay.} 37. Rxd8 Nxc4+ 38. Kd3 Nxa5) 37. Kc3 $1 $18 Nc6 38. Rf5+ Kg7 39. Rd6 Ne5 40. Rff6 Rb1 {intending ...Rc1+.} 41. Rde6 Rxe6 42. Rxe6 {[%mdl 4096] Endgame KRN-KRN} Ng6 43. c5 {[%cal Bc4c5,Bc5c6,Bc6c7][%mdl 32]} Nh4 44. Rb6 {White is clearly winning.} Rc1+ (44... Ra1 $142 45. c6 Nf5 46. Rb7+ Kg6) 45. Kd2 Rc4 46. Kd3 Rc1 47. c6 Kf7 48. Nc3 {c7 would kill now.} Ke7 49. c7 Kd7 {[#]} 50. Rc6 $3 {[%mdl 512]} Kc8 (50... Kxc6 51. c8=Q+) 51. Kd2 {Accuracy: White = 76%, Black = 37%.} 1-0

[Event "Groningen Festival 2018"]
[Site "Groningen"]
[Date "2018.12.23"]
[Round "2"]
[White "Maatman, Nick"]
[Black "Pruijssers, Roeland"]
[Result "0-1"]
[WhiteElo "2363"]
[BlackElo "2520"]
[Annotator "TA"]
[PlyCount "66"]
[EventDate "2018.12.22"]
[EventType "swiss"]
[EventCountry "NED"]
[SourceTitle "playchess.com"]
[Source "ChessBase"]
[SourceQuality "1"]

{[%evp 9,65,33,43,43,77,27,28,22,26,20,25,31,39,-45,10,-56,-28,-93,-93,-105,-84,-92,-91,-94,-94,-101,-89,-170,-160,-220,-190,-342,-347,-366,-360,-473,-464,-439,-508,-500,-490,-462,-487,-485,-498,-668,-674,-1191,-1139,-29992,-29993,-29995,-29996,-29996,-29997,-29998,-29999,-29999]} 1. d4 f5 2. Bf4 Nf6 3. e3 e6 4. Be2 d6 5. c4 Qe7 $146 ({Predecessor:} 5... Be7 6. Bh5+ Nxh5 7. Qxh5+ g6 8. Qe2 Bf6 9. Nc3 O-O 10. h4 c6 11. Nf3 Qe7 12. Bg5 e5 13. O-O-O Na6 14. Bxf6 Qxf6 15. Qd2 e4 16. Ng5 h6 17. Nh3 Be6 {1-0 (17) Morozevich,A (2787)-Amin,B (2560) Almaty 2008}) 6. Nc3 {A80: Dutch Defence: Unusual White second moves} g6 7. Qc2 Bg7 8. h4 {White has an edge.} Nc6 9. h5 Nxh5 10. Bxh5 gxh5 11. O-O-O ({Better is} 11. Qd1 $14) 11... Qf7 ({Black should try} 11... e5 $15 12. dxe5 dxe5) 12. Bg3 (12. d5 $11 e5 13. Bg5) 12... O-O 13. Nge2 {[#]} (13. f4 $11) 13... e5 $1 $17 14. d5 Nb4 {[%cal Bc6b4,Bb4d3,Bd3c5][%mdl 32]} 15. Qb3 a5 {White must now prevent ...f4!} 16. f4 e4 17. Kb1 c6 18. a3 (18. Nd4 $17) 18... Nd3 $19 {aiming for ...b5!} 19. Nc1 (19. Nd4 $17 {was necessary.}) 19... cxd5 20. cxd5 $2 (20. Nxd3 dxc4 21. Ne5 dxe5 22. Qb5) 20... Nc5 21. Qc2 Bd7 {[%cal Bc8d7,Bd7a4,Ba4c2][%mdl 32]} 22. Qe2 {[#]} b5 $1 {[%mdl 512]} 23. Qxh5 (23. Nxb5 Bxb5) 23... Qxh5 24. Rxh5 b4 25. axb4 axb4 26. N3e2 Ba4 27. Rd2 Rfc8 28. Nd4 Bxd4 29. Rxd4 {[#]} Nd3 $1 {[%mdl 576] Decoy. Black mates.} 30. Nxd3 Bc2+ {[%mdl 64] Double Attack} 31. Kc1 Bxd3+ {[%mdl 64] Discovered Attack} 32. Kd2 Rc2+ {[%mdl 64] Double Attack} 33. Kd1 Ra1# {Accuracy: White = 24%, Black = 79%.} 0-1